Príprava a transformácie bioaktívnych tienoindolizidinolov bakalárska práca

Guardado en:
Detalles Bibliográficos
Autor principal: Fraňová, Paula
Formato: Libro
Lenguaje:eslovaco
Publicado: Bratislava STU FCHPT 2018
Acceso en línea:Ver en el OPAC
Etiquetas: Agregar Etiqueta
Sin Etiquetas, Sea el primero en etiquetar este registro!

MARC

LEADER 00000nam a2200000 a 4500
005 20260127134342.0
008 181031 2018 xo a 001 0 slo d
035 |a vtls011788513 
039 9 |y 201810311345  |z mschk03 
040 |a STUSCHK1  |b slo  |c STUSCHK1  |e AACR2 
100 1 |a Fraňová, Paula 
245 1 |a Príprava a transformácie bioaktívnych tienoindolizidinolov  |b bakalárska práca  |c Paula Fraňová 
260 |a Bratislava  |b STU FCHPT  |c 2018 
300 |a 55 s.  |b il.  |c 25 cm 
500 |a Študijný program: biotechnológia a potravinárska technológia 
500 |a Študijný odbor: biotechnológie 
500 |a Školiace pracovisko: Oddelenie organickej chémie 
500 |a Evid. číslo: FCHPT-13567-81637 
910 |a SCHK95 
999 |c 10601  |d 10601